00315pam a2200121 a 4500020002400000041000800024082001700032100001900049245005900068260004200127300000900169653001500178 a978-81-265-5822-3c aeng a001.422bAND aAlan Anderson. aStatistics for Big Data For DummieshTextual Documents aDelhibWiley Dreamtech India (P) Ltd. a366. aStatistics